000 00494cam a22002054a 4500
005 20250605164312.0
008 250528s ||||||||||||||||||||||||d
035 _a22546
020 _a9780273658498
040 _aGR-AtMCL
_bgre
_dGR-AtMCL
_eAACR2
245 1 _aADVANCED FINANCIAL ACCOUNTING
250 _a7
260 _bPrentice Hall,
_c2004
300 _a720
700 1 _aLewis Richard
_98330
700 1 _aPendrill David
_98331
942 _cBK
999 _c7594
_d7594